Vogel's Qualitative Inorganic Analysis / (Record no. 693)

000 -LEADER
fixed length control field 00750nam a2200253 a 4500
008 - FIXED-LENGTH DATA ELEMENTS--GENERAL INFORMATION
fixed length control field 191015s1996 ii a|||g |||| 001 0 eng d
020 ## - INTERNATIONAL STANDARD BOOK NUMBER
International Standard Book Number 9788177582321
Terms of availability Rs. 399.00
040 ## - CATALOGING SOURCE
Original cataloging agency IMU Kochi Library
Language of cataloging eng
041 0# - LANGUAGE CODE
Language code of text/sound track or separate title eng
044 ## - COUNTRY OF PUBLISHING/PRODUCING ENTITY CODE
MARC country code India
082 04 - DEWEY DECIMAL CLASSIFICATION NUMBER
Edition number 23
Classification number 543.1
Item number Sv22
100 1# - MAIN ENTRY--PERSONAL NAME
Personal name Vogel, Arthur I.
245 10 - TITLE STATEMENT
Title Vogel's Qualitative Inorganic Analysis /
250 ## - EDITION STATEMENT
Edition statement 7th ed.
260 ## - PUBLICATION, DISTRIBUTION, ETC. (IMPRINT)
Place of publication, distribution, etc Noida :
Name of publisher, distributor, etc Dorling Kindersley (India) Pvt Ltd,
Date of publication, distribution, etc 1996
300 ## - PHYSICAL DESCRIPTION
Extent Various pagination :
Other physical details ill. ;
Dimensions 24 cm.
504 ## - BIBLIOGRAPHY, ETC. NOTE
Bibliography, etc Includes index.
650 #0 - SUBJECT ADDED ENTRY--TOPICAL TERM
Topical term or geographic name as entry element Chemistry, Analytic -- Qualitative
Form subdivision Textbooks
650 #0 - SUBJECT ADDED ENTRY--TOPICAL TERM
Topical term or geographic name as entry element Chemistry, Inorganic
Form subdivision Textbooks
700 1# - ADDED ENTRY--PERSONAL NAME
Personal name Svehia, G.
Relator term Editor
852 ## - LOCATION/CALL NUMBER
Location IMU Kochi Library
904 ## - LOCAL DATA ELEMENT D, LDD (RLIN)
CATALOGER Shine Joy
942 ## - ADDED ENTRY ELEMENTS (KOHA)
Item type Books
Holdings
Withdrawn status Lost status Source of classification or shelving scheme Damaged status Not for loan Collection code Permanent location Current location Shelving location Date acquired Source of acquisition Cost, normal purchase price Full call number Barcode Date last seen Koha item type Public note
          Chemistry IMU Kochi Library IMU Kochi Library General Stacks 2011-04-28 M/S Anand Enterprises (Inv. No. 662 Dt 2011-04-28) 399.00 543.1 Sv22 BK000003 2019-10-15 Books Gen. Shelf-10, Row-2
          Chemistry IMU Kochi Library IMU Kochi Library General Stacks 2011-04-26 Educational Publishers & Distributors (Inv. No. IN9 Dt 2011-04-26) 399.00 543.1 Sv22 BK000026 2019-10-15 Books Gen. Shelf-10, Row-2


Copyright © All Rights Reserved by Indian Maritime University, Kochi Campus.
For any Suggestions/Query Contact to library or Email: library.kochi@imu.ac.in Ph:(0484)-2989402
(Web OPAC Designed by Rudra Ranjan. Maintained by IMU Kochi Library)

Powered by Koha